000 00689cab a2200193 4500
001 ABS42470
008 090401t1990 xxu||||| |||| 00| 0 eng d
035 _a(Sirsi) u37058
041 _aeng
100 _aCornes, D.
245 _aPlant hire risks
260 _c1990
350 _a0
490 _aNew Builder
_v(28) 5 April 1990, 18(1)
520 _aDiscusses the decision in McConkey v AMEC plc , (CA Times 28 February 1990) which implied that contractors had the option of avoiding the onerous Construction Plant-Hire Association Model Conditions and shows how this view is misguided.
690 _aBUILT ENVIRONMENT-BUILDING CONTRACT FORMS
942 _n0
948 _c04/03/1997
999 _c23980
_d23980